00664 2200205 4500001002100000005001700021008004100038035002400079041000800103043001200111082001400123090002500137110004200162245014300204260003600347300001800383650003000401850001200431999001500443YOGYA-0209000004383120090227030231.0 ind  0010-020900000043831 aInd aYOPDYOG a349.59823 aYOG 349.59823bSle L aSLEMAN (Kabupaten). Pemerintah Daerah aLembaran Daerah Kabupaten Daerah Tingkat II Slemanb(berita resmi Kabupaten Daerah Tingkat II Sleman)cPemerintah Kabupaten Dati II Sleman aSlemanbPemerintah Daerahc1977 a90 hlmc20 cm aPeraturan Daerah - Sleman aYOPDYOG a07A0026567